000 00514cam a2200181ua 4500
001 493
008 110407n ii |||gr||||Z||||||eng
040 _cMAIN
082 _a320.5130954
245 _aStudies in modern Indian political thought. :
_bGandhi an interpretation. /
_cBy O P Goyal.
250 _a1st.
260 _aDelhi:
_bKitab mahal.,964.
300 _aii, 100 p.:5 cm.
653 _aPolitical science.
653 _aStudies in modern Indian political thought.
700 1 _aGoyal, O P.,
942 _cBK
999 _c433
_d433